Detalles MARC
| 000 -LIDER |
| fixed length control field |
01398nam a2200397 a 4500 |
| 001 - NÚMERO DE CONTROL |
| Identificador de número de control |
000018867 |
| 003 - IDENTIFICACDOR DE NÚMERO DE CONTROL |
| control field |
DO-SdBNP |
| 005 - DATE AND TIME OF LATEST TRANSACTION |
| control field |
20171208113059.0 |
| 007 - CAMPOS FIJOS DE DESCRIPCIÓN FÍSICA |
| fixed length control field |
000018867 |
| 008 - ELEMENTOS DE LONGITUD FIJA |
| fixed length control field |
100520s2007 sp a 000 0 spa d |
| 020 ## - ISBN |
| International Standard Book Number |
8485009923 (obra completa) |
| 020 ## - ISBN |
| International Standard Book Number |
9788485009930 (v. I) |
| 020 ## - ISBN |
| International Standard Book Number |
9788485009947 (v. 2) |
| 020 ## - ISBN |
| International Standard Book Number |
9788485009954 (v. 3) |
| 040 ## - FUENTE DE CATALOGACIÓN |
| Agencia que crea de manera original el registro |
BPMSU |
| Idioma de catalogación |
spa |
| Agencia que realiza la transcripción |
BPMSU |
| 092 ## - LOCALLY ASSIGNED DEWEY DECIMAL CALL NUMBER |
| Número de clasificación |
932 |
| Número de ítem (Cutter) |
P667a |
| 100 1# - ASIENTO PRINCIPAL -- NOMBRE PERSONAL |
| Nombre personal |
Pirenne, Jacques |
| Fechas asociadas con el nombre |
1891- |
| 240 ## - TITULO UNIFORME |
| Título uniforme |
Histoire de la civilisation de l'Égypte ancienne. |
| Idioma de una obra |
spa |
| 245 13 - MENCIÓN DE TITULO |
| Título |
El antiguo egipto / |
| Mención de responsabilidad |
Jacques Pirenne ; edición Marta García ; traducción de Juan Maluquer de Motes. |
| 260 ## - PUBLICACIÓN, DISTRIBUCIÓN, ETC. (PIE DE IMPRENTA) |
| Lugar de publicación, distribución, etc |
Madrid : |
| Nombre del editor, distribuidor, etc. |
Instituto Gallach : |
| -- |
Grupo Oceano , |
| Fecha de publicación, distribución, etc |
2007. |
| 300 ## - DESCRIPCIÓN FÍSICA |
| Extensión |
3 v. : |
| Otros detalles físicos |
il. ; |
| Dimensiones |
30 cm. |
| 651 #4 - ENCABEZAMIENTO DE MATERIA--NOMBRE GEOGRÁFICO |
| Nombre geográfico |
EGIPTO |
| Subdivisión temática general |
HISTORIA |
| 651 #4 - ENCABEZAMIENTO DE MATERIA--NOMBRE GEOGRÁFICO |
| Nombre geográfico |
EGIPTO |
| Subdivisión temática general |
ANTIGUEDADES |
| 651 #4 - ENCABEZAMIENTO DE MATERIA--NOMBRE GEOGRÁFICO |
| Nombre geográfico |
EGIPTO |
| Subdivisión temática general |
CIVILIZACIÓN |
| 700 12 - ASIENTO SECUNDARIO -- NOMBRE PERSONAL |
| Nombre personal |
García, Marta |
| Mención de responsabilidad |
ed. |
| 700 1# - ASIENTO SECUNDARIO -- NOMBRE PERSONAL |
| Nombre personal |
Maluquer de Motes, Juan |
| Mención de responsabilidad |
tr. |
| 910 ## - VALIDACIÓN |
| Validación |
Validado. Control de calidad MFF |
| 930 #1 - EQUIVALENCE OR CROSS-REFERENCE-UNIFORM TITLE HEADING [LOCAL, CANADA] |
| Language of a work |
BND01 |
| Medium of performance for music |
LF1 |
| Field link and sequence number |
20100520 |
| Date of a work |
04 |
| Name of part/section of a work |
OI |
| Miscellaneous information |
13018 |
| Medium |
v. 1 |
| 930 #1 - EQUIVALENCE OR CROSS-REFERENCE-UNIFORM TITLE HEADING [LOCAL, CANADA] |
| Language of a work |
BND01 |
| Medium of performance for music |
LF1 |
| Field link and sequence number |
20110301 |
| Date of a work |
04 |
| Name of part/section of a work |
OI |
| Miscellaneous information |
17129 |
| Medium |
v. 2 |
| 930 #1 - EQUIVALENCE OR CROSS-REFERENCE-UNIFORM TITLE HEADING [LOCAL, CANADA] |
| Language of a work |
BND01 |
| Medium of performance for music |
LF1 |
| Field link and sequence number |
20100520 |
| Date of a work |
01 |
| Name of part/section of a work |
OI |
| Miscellaneous information |
13017 |
| Medium |
e. 3 |
| 942 ## - ADDED ENTRY ELEMENTS (KOHA) |
| Source of classification or shelving scheme |
Dewey Decimal Classification |
| Koha item type |
Libros |
| 945 ## - INFORMACIÓN DE PROCESAMIENTO LOCAL |
| Información de procesamiento local |
Inventariado extranjero / 2017 YL |
| 956 ## - LOCAL ELECTRONIC LOCATION AND ACCESS (OCLC) |
| Nombre de host |
IGARCIA |
| Número de acceso |
10 |
| Información de compresión |
20100625 |
| Inicio de sesión |
BND01 |
| Procesador de solicitud |
1339 |
| 956 ## - LOCAL ELECTRONIC LOCATION AND ACCESS (OCLC) |
| Nombre de host |
TMEREDITH |
| Número de acceso |
20 |
| Información de compresión |
20100729 |
| Inicio de sesión |
BND01 |
| Procesador de solicitud |
1453 |
| 956 ## - LOCAL ELECTRONIC LOCATION AND ACCESS (OCLC) |
| Nombre de host |
VMATEO |
| Número de acceso |
10 |
| Información de compresión |
20150923 |
| Inicio de sesión |
BPMSU |
| Procesador de solicitud |
00151 |